| 000 | 00395nam a2200145Ia 4500 | ||
|---|---|---|---|
| 008 | 250102s2013 xx 000 0 und d | ||
| 020 | _a978-81-239-2289-9 | ||
| 041 | _aeng | ||
| 082 | _a615.191KAR/ROO | ||
| 100 | _aKHAR/ROOP | ||
| 245 |
_aTHE THEORY AND PRACTICE OF INDUSRIAL PHARMACY _bPHARMACEUTICS |
||
| 250 | _a4th.ed. | ||
| 260 |
_aNEW DELHI _bC.B.S PUBLISHER _c2013 |
||
| 300 | _a1203p | ||
| 999 |
_c1214602 _d1214602 |
||